000 00299nam a22001337a 4500
008 171101b xxu||||| |||| 00| 0 eng d
020 _a2900742554442
041 _aeng
080 _23RD
_a339
100 _a59
101 _aTRE
245 _aADS, FADS, & CONSUMER CULTURE
_cASA,A
942 _2udc
_cBK
999 _c37086
_d37086